000 00431nam a2200157 i 4500
001 83409
003 ES-MaACL
005 20230906174824.0
007 t|
008 041116s1970 sp ||||1| spa d
100 1 _aIribarren, Manuel.
_965455
245 1 0 _aEscritores navarros de ayer y de hoy /
_cManuel Iribarren.
260 _aPamplona :
_bGómez,
_c1970.
300 _a223 p. ;
_c21 cm.
852 _aES-MaACL
_jC-35445
_bR.75137
999 _c83409
_d83409